| 000 | 00452cam a22001217a 4500 | ||
|---|---|---|---|
| 008 | 180718b2001 xxu||||| |||| 00| 0 eng d | ||
| 082 | _aQ39x5441 R279 | ||
| 245 | _aRelief activities in the earthquake affected areas of Gujarat: the perceptions of the marginalised communities | ||
| 260 |
_aNew Delhi _bIndian Social Institute _c2001 |
||
| 300 | _a55p. | ||
| 650 | _aBuildings - Earthquake effects | ||
| 650 | _aEarthquake hazard analysis - India - Gujarat | ||
| 999 |
_c491990 _d491990 |
||